| 000 | 00456nam a22001457a 4500 | ||
|---|---|---|---|
| 999 |
_c60711 _d60711 |
||
| 005 | 20231011150441.0 | ||
| 008 | 231011s1971 enk||||| |||| 00| 0 eng d | ||
| 041 | _aeng | ||
| 080 | _a069 T-84 | ||
| 245 |
_aTreasures of the British Museum / _bwith 439 ill., 64 in colour. |
||
| 264 |
_aLondon, _c1971. |
||
| 300 |
_a360 p.: _bill.; _c21 cm. |
||
| 653 | _aბრიტანეთის მუზეუმის საგანძური | ||
| 942 |
_2udc _cBK |
||